LEADER 00819nam0-22002891i-450- 001 990004036240403321 005 20130703115121.0 035 $a000403624 035 $aFED01000403624 035 $a(Aleph)000403624FED01 035 $a000403624 100 $a19990604d1979----km-y0itay50------ba 101 0 $afre 105 $ay-------001yy 200 1 $a<>MARGINAUX et les exclus dans l'histoire 210 $aParis$cUnion general d'editions$d1979 215 $a439 p.$d18 cm 225 1 $aCahiers Jussieu$v5 610 0 $aEMARGINAZIONE SOCIALE$aStudi 676 $a361.9$v21$zita 801 0$aIT$bUNINA$gRICA$2UNIMARC 901 $aBK 912 $a990004036240403321 952 $a361.9 MAR 1$bD.D.S.1429$fFLFBC 959 $aFLFBC 996 $aMARGINAUX et les exclus dans l'histoire$9471110 997 $aUNINA LEADER 01844nam 2200409 n 450 001 996395845403316 005 20221108021600.0 035 $a(CKB)4330000000318831 035 $a(EEBO)2248589824 035 $a(UnM)99838498 035 $a(EXLCZ)994330000000318831 100 $a19901106d1571 uy | 101 0 $aeng 135 $aurbn||||a|bb| 200 02$aA goodly gallery$b[electronic resource] $evvith a most pleasaunt prospect, into the garden of naturall contemplation, to beholde the naturall causes of all kind of meteors. As well fyery and ayery, as watry annd [sic] earthly, of which sorte be blasing starres, shootinge starres, flames in the ayre &c. thonder, lightninge, earthquakes. &c. rayne dewe, snowe cloudes, springes. &c. stones, metalles, earthes. To the glory of God, and the profitte of his creatures 210 $aImprinted at London $cIn Fletestrete by Wylliam Gryffith$d1571 215 $a[3], 71 leaves 300 $aDedication signed in the heading: Wylliam Fulce. 300 $aColophon reads: Impryted [sic] at London in Fletestreate, at the signe of the Faucone, by William Griffith: and they are to be sold at his shop in S. Dunstones churchyarde in the weste. 1563. 300 $aA reissue of the 1563 edition, with preliminaries reprinted. 300 $aReproduction of the original in the Bodleian Library. 330 $aeebo-0014 606 $aMeteorology$vEarly works to 1800 606 $aMeteors$vEarly works to 1800 606 $aMetals$vEarly works to 1800 615 0$aMeteorology 615 0$aMeteors 615 0$aMetals 700 $aFulke$b William$f1538-1589.$01001008 801 0$bCu-RivES 801 1$bCu-RivES 801 2$bCStRLIN 801 2$bWaOLN 906 $aBOOK 912 $a996395845403316 996 $aA goodly gallery$92297616 997 $aUNISA